00644nam a2200181 a 450000500170000000800410001702000180005805000260007610000230010224500480012526000520017330000240022544000310024950000150028065000300029599900190032595201180034420140412111244.0001118s19uu xx 00 eng d a0-88743-126-7 aTR(GS 513.2bG81 1986 aGregorich, Barbara aCounting caterpillars /cBarbara Gregorich. aGrand Haven, MI :bSchool Zone Pub. Co,c[n.d.] a32 p. ; col. ; ill. aA Fast Forward Book Series aGrades 4-7 acounting -- coloring book c102881d102881 00104050aELbELcTRd2000-11-18eDonationl0oTR(GS 513.2 G81 1986pE3068r2014-04-12 00:00:00w2014-04-12yBK